000 00340nam a2200145Ia 4500
003 OSt
005 20240104114721.0
008 170523s9999 xx 000 0 und d
020 _a8170366194
040 _ciimt university meerut
100 _aSHEKHAR- RC
245 0 _aETHICAL CHOICE IN BUSINESS
260 _bRESPONSE BOOK
942 _2ddc
_c02
999 _c856
_d856